Guía metodológica para la enseñanza de ecología en el patio de la escuela / (Registro nro. 4032)

Detalles MARC
000 -CABECERA
Campo de control 00832nam a2200229 a 4500
005 - FECHA Y HORA DE LA ULTIMA TRANSACCION
Campo de control 20160129193529.0
008 - ELEMENTOS DE LONGITUD FIJA—INFORMACION GENERAL
Campo de control 140313b2002 nyu||||| |||| 00| 0 spa d
020 ## - ISBN
ISBN 0930698428
040 ## - FUENTE DE CATALOGACIÓN
Agencia catalogadora original CO-BoIAVH
Agencia transcriptora CO-BoIAVH
041 0# - IDIOMA
Código de idioma para texto/pista de sonido o título separado Español
044 ## - PAÍS DE PUBLICACIÓN
País de publicación Estados Unidos
082 04 - NUMERO DE CLASIFICACION DECIMAL DEWEY
Número de clasificación 333.7071
Número del ítem A66g
100 1# - ASIENTO PRINCIPAL--NOMBRE PERSONAL
Nombre personal Arango, Natalia
9 (RLIN) 352
245 10 - MENCION DE TITULO
Título Guía metodológica para la enseñanza de ecología en el patio de la escuela /
Mención de responsabilidad por Natalia Arango, María Elfi Chaves y Peter Feinsinger
260 ## - PUBLICACION, DISTRIBUCION, ETC. (PIE DE IMPRENTA)
Lugar de publicación, distribución, etc. Nueva York :
Nombre del editor, distribuidor, etc. National Audubon Society,
Fecha de publicación, distribución, etc. 2002.
300 ## - DESCRIPCION FISICA
Extensión 92 páginas :
Otros detalles físicos ilustraciones ;
Dimensiones 28 x 22 cm.
650 #6 - ASIENTO SECUNDARIO DE MATERIA - TERMINO TEMATICO
Término temático o nombre geográfico como elemento de entrada Educación ambiental
Subdivisión de forma Guías
Subdivisión general Niños de edad escolar
9 (RLIN) 55544
650 #6 - ASIENTO SECUNDARIO DE MATERIA - TERMINO TEMATICO
Término temático o nombre geográfico como elemento de entrada Educación ambiental
Subdivisión de forma Guías
Subdivisión general Escuelas
9 (RLIN) 55545
700 1# - ASIENTO SECUNDARIO - NOMBRE PERSONAL
Nombre personal Feinsinger, Peter
9 (RLIN) 4161
700 1# - ASIENTO SECUNDARIO - NOMBRE PERSONAL
Nombre personal Chaves, María Elfi
9 (RLIN) 341
942 ## - ELEMENTOS ADICIONALES (KOHA)
Tipo de ítem Libro
Sistema de clasificación Dewey Decimal Classification
Existencias
Withdrawn status Lost status Sistema de Clasificación Damaged status No para préstamo Colección Inventariado Ubicación Permanente Ubicación actual Fecha de adquisición Fuente de Valor Valor Total Checkouts Número topográfico Inventario / Código de Barras Date last seen Ejemplar Price effective from Forma de adquisición Tipo de material Public note
    Dewey Decimal Classification     General Inventariado 2017 Bogotá Bogotá 23/10/2006 Instituto 15000.00   LB-333.7071 A66g 023497 04/12/2012 Ej. 2 04/12/2012   Libro Disponible en fotocopia, solo para consulta en sala.
    Dewey Decimal Classification     General Inventariado 2017 Bogotá Bogotá 18/01/2016 Instituto 15000.00   LB-333.7071 A66g 039626 18/01/2016 Ej. 1 18/01/2016   Libro Disponible en fotocopia, solo para consulta en sala.
    Dewey Decimal Classification     General   Bogotá Bogotá 26/11/2019       LB-333.7071 A66g 043835 26/11/2019 Ej.1 26/11/2019 Donación Libro